000 00495nam a2200169Ia 4500
008 230711s9999||||xx |||||||||||||| ||und||
041 _aENG
082 _a620
_bAS-P
100 _aASM International
245 0 _aASM handbook : vol-2-3. properties and selection nonferrous alloys and special-purpose materials
250 _a1st Ed.
260 _c1990
_aNew York
_bASM International H.B Committe
300 _a1328
650 _aMechanical Engineering
700 _aDavis,Josph R
942 _cBK
999 _c4923
_d4923